000 01065nam a22002417a 4500
005 20240530110503.0
008 150511s2011 ua d g b 000 0dara d
017 _a2010/21857
_bمصر . دار الكتب المصرية
020 _a9789774950544
040 _aEG-CaGPL
082 0 4 _221
_a303.4\
_bإ ش
100 0 _aايمان محمد حسنى عبدالله
245 1 2 _aالشباب والحركات الاجتماعية والسياسية :
_bدراسة فى الاعلام و الرأى العام ترصد ارهاصات ثورة 25 يناير 2011 م /
_cايمان محمد حسنى عبدالله
250 _aط1
260 _aالقاهرة :
_bدار العالم العربى ،
_c2011 .
300 _a365 ص :
_bايض ،
_c24 سم
504 _aيشتمل على ارجاعات ببليوجرافية
650 0 4 _aالتغير الاجتماعى
650 0 4 _aالثوار
_xمصر
651 0 4 _aمصر
_xتاريخ
_yالعصر الحديث
_yثورة 25 يناير
942 _2ddc
_cBK
999 _c61505
_d61505